00314nam a2200133Ia 45000030006000000080041000060400015000471000016000622450054000782500010001322600009001425460012001510050017001630STCL150530s9999 xx 000 0 und d aSTCLcSTCL aLucas, E.V. aReading writing and remembering a literary record aThird c1933 aEnglish20220125171145.0